|
|
|
|
| LEADER |
00801nam a22002297a 4500 |
| 001 |
AAL7745 |
| 003 |
BD-DhAAL |
| 005 |
20160927102724.0 |
| 008 |
160927s 1992E a|||| |||| 00| 0 eng d |
| 020 |
|
|
|a 0194312763
|
| 040 |
|
|
|a BD-DhAAL
|c BD-DhAAL
|
| 082 |
|
|
|a 423/.12
|
| 245 |
|
|
|a Oxford learner's pocket dictionary :
|b with illustrations /
|
| 260 |
|
|
|a Oxford :
|b Oxford University Press,
|c ©1992.
|
| 300 |
|
|
|a 523 pages :
|b illustrations ;
|c 18 cm
|
| 541 |
|
|
|e 7745
|
| 650 |
|
|
|a English language
|v Dictionaries.
|9 20439
|
| 650 |
|
|
|a English language
|9 20440
|
| 852 |
|
|
|a Savar Campus Library
|c Reference
|
| 942 |
|
|
|2 ddc
|c BK
|
| 999 |
|
|
|c 37784
|d 37784
|
| 952 |
|
|
|0 0
|1 0
|2 ddc
|4 0
|6 423_000000000000000__12_OXF
|7 0
|9 59626
|a SCL
|b SCL
|c GEN
|d 2016-09-27
|l 0
|o 423.12 OXF
|p 3020007745
|r 2016-09-27
|t 1
|w 2016-09-27
|y BK
|